000 00744nam a2200181Ia 4500
008 100920s9999 xx 000 0 und d
082 _b108624
_a891.43 न 10
100 _aबिडला कृष्णकुमार.
245 _aइतिहास का स्पर्शबोध एक आत्मकथा.
260 _bराजकमल प्रकाशन , इलाहाबाद.
_c2010
300 _a651
_bसाधी
365 _b650
520 _aहिंदी.
630 _aइतिहास का स्पर्शबोध एक आत्मकथा.
650 _aहिंदी.
730 _aइतिहास का स्पर्शबोध एक आत्मकथा.
942 _cBOOK
999 _c749043
_d749040